Selección de un sistema de tratamiento para aguas residuales del beneficiado de café

में बचाया:
ग्रंथसूची विवरण
मुख्य लेखक: Gaviria Montoya, Lilliana
स्वरूप: पुस्तक
प्रकाशित: [San José , Costa Rica] 1986
विषय:
टैग: टैग जोड़ें
कोई टैग नहीं, इस रिकॉर्ड को टैग करने वाले पहले व्यक्ति बनें!

MARC

LEADER 00000nam a2200000Ia 4500
003 003052
005 20221231144357.0
008 140114s1986 cr a m 000 ||s d
040 |c cru CEDI 
090 |a TFG 1777 
100 |a Gaviria Montoya, Lilliana  |9 14269 
245 |a Selección de un sistema de tratamiento para aguas residuales del beneficiado de café  
260 |c 1986  |a [San José , Costa Rica] 
300 |a  88 hojas : ilustraciones ; 28 cm  
500 |a  Proyecto de graduacion (licenciatura en ingeniería quimica)--Universidad de Costa Rica. Facultad de Ingeniería. Escuela de Ingeniería Química 
650 |x AGUAS RESIDUALES   |x BENEFICIO DE CAFE  |9 14270 
942 |c TFG  |2 ddc 
999 |c 20968  |d 20968